00472nam a2200217Ia 4500008004000000041000800040082001100048100001800059245004000077260003200117300001000149650000800159650001200167650001100179650000700190650001100197650001300208650000900221650000600230700001800236210210b1948 xxu||||| |||| 00| 0 eng d aeng a230/30 aCOULTON (C J) aIs the catholic church anti social? aLondonbNot Mentionedc1948 av,249 athe asocial? asocial aIs achurch acatholic aanti a? aLUNN (Arnold)